Stolice obwodów Ukrainy - Statystyki

Ogólne statystyki
  • Ten quiz został rozwiązany 48 razy
  • Średni wynik to 22 z 27
Statystyki odpowiedzi
obwód stolica % Poprawnych
charkowski Charków
97%
kijowski Kijów
97%
Kijów (miasto) Kijów
97%
lwowski Lwów
97%
chersoński Chersoń
95%
doniecki Donieck
95%
odeski Odessa
95%
tarnopolski Tarnopol
95%
dniepropetrowski Dniepr
92%
ługański Ługańsk
92%
połtawski Połtawa
92%
Sewastopol (miasto)* Sewastopol
89%
winnicki Winnica
89%
iwanofrankiwski Iwano-Frankiwsk
87%
mikołajowski Mikołajów
87%
czernihowski Czernihów
84%
żytomierski Żytomierz
84%
sumski Sumy
82%
zaporoski Zaporoże
82%
rówieński Równe
76%
czerkaski Czerkasy
74%
chmielnicki Chmielnicki
61%
wołyński Łuck
58%
zakarpacki Użhorod
53%
czerniowiecki Czerniowce
47%
Autonomiczna Republika Krymu* Symferopol
45%
kirowohradzki Kropywnycki
24%
Nie znaleziono quizów pasujących do podanych kryteriów
Rozkład punktacji
Procent ludzi z każdym wynikiem
Percentyl według liczby udzielonych odpowiedzi
Twoja historia wyników
Nie rozwiązałeś tego quizu